000 00792nam a22002417a 4500
001 31611
003 UA-OsUOA
005 20210917223658.0
007 ta
008 20041224b un ||||| |||| 00| 0 ukr d
020 _a5-09-000555-9
040 _aUA-OsUOA
_brus
_cUA-OsUOA
_dUA-OsUOA
041 _arus
044 _aRU
080 _a94(4)"0375/1492"
090 _a94(4)"0375/1492"
_bИ90
245 _aИстория средних веков
_bхрестоматия, пособие для учителя
_cсост. В. Е. Степанова, А. Я. Шевеленко
_nч. 1
_pV-XV века
260 _aМосква
_bПросвещение
_c1988
300 _a288 с.
650 7 _a9 Географія. Біографії. Історія
_2UDC
942 _cBK
_2udc
955 _a0
999 _c318040
_d318040